000 00863nas a2200289 4500
001 BR2013006623
003 BR-BrBNA
005 20231205122804.0
007 ta
008 230509b bl.|||p| |||| 00| 00por d
040 _aBR-BrBNA
_bpor
_cBiblioteca Nacional de Agricultura
041 _a(Pt)
072 _aF62
100 1 _aLuz, J.S.
100 1 _aSilva, R.L. de O.
100 1 _aSilveira, E.B. da
100 1 _aCavalcante, U.M.T.
245 1 _aAtividade enzimática de fungos endofíticos e efeito na promoção do crescimento de mudas de maracujazeiro-amarelo
650 _aMARACUJÁ
650 _aMUDA
650 _aFUNGO
650 _aCRESCIMENTO
650 _aENZIMA
773 0 _tCaatinga (Brazil)
_xISSN 0100-316X
_g(Abr-Jun 2006), v. 19(2) p. 128-134
_wBR2013006623
909 _a202311
_bLúcia
_c55
_dLúcia Elande
942 _2AGRIS
_n0
_cANA
999 _c230562
_d230562